Statistics for Anagram Chain - Countries

Click here to take the quiz!

General Stats

  • This quiz has been taken 31,763 times
    (31,715 since last reset)
  • The average score is 13 of 20

Answer Stats

Hint Country % Correct
Remove Q; Add NIran
100%
Remove R; Add H, CChina
92%
Remove N, I; Add DChad
91%
Remove D, C; Add N, A, GGhana
89%
Remove Y, U, G; Add M, P, APanama
84%
Remove H; Add Y, UGuyana
83%
Remove G; Add ZZambia
78%
Remove N, A, P; Add B, G, IGambia
74%
Remove A, WMali
69%
Remove Z, B; Add W, LMalawi
67%
Remove M; Add T, YItaly
66%
Remove T; Add BLibya
62%
Remove Y; Add R, E, ILiberia
59%
Remove L, A; Add I, NNigeria
55%
Remove A, INiger
55%
Remove B, I; Add G, AAlgeria
54%
Remove E; Add C, U, A(x3)Nicaragua
50%
Remove I, U, S; Add QQatar
50%
Remove G, C, N; Add L, T, SAustralia
30%
Remove L, AAustria
30%

Score Distribution

Percentile by Number Answered

Percent of People with Each Score

Your Score History

You have not taken this quiz since the last reset